000 00916nam a2200265Ia 4500
003 OSt
005 20220930080306.0
006 a|||||r|||| 00| 0
007 ta
008 220926b |||||||| |||| 00| 0 eng d
024 _a86085
037 _cTheses
040 _aCRL
_cCRL
_beng
041 _2eng
_aeng
100 _aPathak Niloy
_9538481
110 _aUniversity of Delhi. Faculty of Medical Sciences. Department of Pathology
245 0 _aRole of CA 125, its therapeutic and clinical correlation along with its prognostic utility in various gynecological disorders
260 _c2006
650 _aPATHOLOGY
_9174058
700 _a Dr G. S. Chopta Gu.
_9538482
700 _a Dr Vibha Dutta Gu.
_9536814
700 _aUniversity of Delhi. Faculty of Medical Sciences. Department of Pathology
942 _cDIS
_2CC
999 _c869581
_d869581